| 000 | 00648cam a22002291 4500 | ||
|---|---|---|---|
| 008 | |||
| 020 | _a0340630922 (pbk. ) | ||
| 049 | _aMAIN | ||
| 090 | 0 | _aBF636 APP | |
| 100 | _aCoolican, Hugh | ||
| 245 | 1 | 0 |
_aApplied psychology. _cHugh Coolican......etal. |
| 260 |
_aLondon : _bHodder & Stoughton, _c1996. |
||
| 300 |
_av, 382 p. _bill. ; _c25 cm. |
||
| 504 | _aIncludes bibliographical references. | ||
| 500 | _aIncludes index. | ||
| 650 | 0 | _aPsychology, Applied. | |
| 907 |
_a.b10250153 _b12-09-07 _c31-08-07 |
||
| 003 | |||
| 005 | 20230123134505.0 | ||
| 040 | _cNUST | ||
| 942 |
_cBOOKS _kBF636 APP |
||
| 999 |
_c166844 _d166844 |
||